Spell - ing ref - er - ence 29000+ words

Guardat en:
Dades bibliogràfiques
Autor principal: Perry, Devern J
Format: Llibre
Idioma:Undetermined
Publicat: Cincinnati, Ohio Thomson Learning 2001
Accés en línia:http://lrc.tdmu.edu.vn/opac/search/detail.asp?aID=2&ID=7314
Etiquetes: Afegir etiqueta
Sense etiquetes, Sigues el primer a etiquetar aquest registre!
Thư viện lưu trữ: Trung tâm Học liệu Trường Đại học Thủ Dầu Một
LEADER 00560nam a2200193Ia 4500
001 TDMU_7314
008 210410s9999 xx 000 0 und d
082 |a 425 
090 |b P206 
100 |a Perry, Devern J 
245 0 |a Spell - ing ref - er - ence 
245 0 |b 29000+ words 
245 0 |c Devern J. Perry 
260 |a Cincinnati, Ohio 
260 |b Thomson Learning 
260 |c 2001 
300 |a ix, 243 p. 
856 |u http://lrc.tdmu.edu.vn/opac/search/detail.asp?aID=2&ID=7314 
980 |a Trung tâm Học liệu Trường Đại học Thủ Dầu Một